I Love Lucy - Multiple Choice - Statistics

General Stats
  • This quiz has been taken 109 times
  • The average score is 8 of 15
Answer Stats
Question Answer % Correct
What is the name of the actor who played Fred Mertz on I Love Lucy? William Frawley
98%
Which episode of I Love Lucy had a record breaking 44 million people view in to watch it? "Lucy Goes to the Hospital"
74%
According to IMDB, which of these is considered to be one the top ten WORST episodes of I Love Lucy? "Lucy Goes to Scotland"
72%
What is the plot of the Season 5 episode "Bon Voyage"? Lucy Takes a helicopter out to her missed boat to Europe
70%
How many years did the series last? Six
70%
Which famous Hollywood star did NOT appear on I Love Lucy? Gregory Peck
60%
What day of the week was I Love Lucy originally aired? Monday
53%
In which episode do Fred and Ricky make Lucy and Ethel dresses from potato sacks? "Lucy Gets a Paris Gown"
51%
Which main cast member was the youngest (by about six years)? Desi Arnaz
44%
Which member of the main cast was accused of being a communist during the 1950's McCarthyism era? Lucille Ball
44%
Which character is not present in the episode "Lucy does a TV Commercial"? Ethel
42%
In what season of I Love Lucy was Little Ricky born? Season 2
40%
Which fun fact below is true of I Love Lucy? It was the first TV show to be "rerun"
37%
Which character said "Ever since we said 'I do' there are so many things we don't" Lucy
33%
As of 2016, where does I Love Lucy appear on Rolling Stone's list of 100 greatest TV shows? 32nd
16%
No matching quizzes found
Score Distribution
Percent of People with Each Score
Percentile by Number Answered
Your Score History
You have not taken this quiz